General Anatomy / (Record no. 37002)

MARC details
000 -LEADER
fixed length control field 00538nam a22001937a 4500
005 - DATE AND TIME OF LATEST TRANSACTION
control field 20250827143459.0
008 - FIXED-LENGTH DATA ELEMENTS--GENERAL INFORMATION
fixed length control field 250731b |||||||| |||| 00| 0 eng d
020 ## - INTERNATIONAL STANDARD BOOK NUMBER
ISBN 978-627-31-0173-6
082 ## - DEWEY DECIMAL CLASSIFICATION NUMBER
Classification number 615
Item number LAI-G
100 ## - MAIN ENTRY--AUTHOR
Author Name Laiq Hussain Siddiqui
245 ## - TITLE STATEMENT
Title General Anatomy /
Statement of responsibility, etc. Laiq Hussain Siddiqui
250 ## - EDITION STATEMENT
Edition statement 7th ed.
260 ## - PUBLICATION, DISTRIBUTION, ETC.
Place of Publication Pakistan :
Name of publisher, distributor, etc. Paramount ;
Date of publication, distribution, etc. 2024 .
300 ## - PHYSICAL DESCRIPTION
Pages 180p. :
500 ## - GENERAL NOTE
General note Printed in Pakistan.
650 ## - SUBJECT ADDED ENTRY--TOPICAL TERM
Subject / Department Medical / Anatomy
700 ## - ADDED ENTRY--PERSONAL NAME
Personal name Laiq Hussain Siddiqui
300 ## - PHYSICAL DESCRIPTION
-- ill ;
-- 21.5 cm.
952 ## - LOCATION AND ITEM INFORMATION (KOHA)
-- 0
-- 0
-- 850.00
952 ## - LOCATION AND ITEM INFORMATION (KOHA)
-- 0
-- 0
-- 850.00
952 ## - LOCATION AND ITEM INFORMATION (KOHA)
-- 0
-- 0
-- 850.00
Holdings
Lost status Damaged status Permanent Location Current Location Shelving Location Date acquired Source of acquisition Full Call Number Accession No./Barcode Date last seen Copy number item type Koha item type
    Superior Information Resource Center (SIRC) Superior University- Central Library Superior Information Resource Center (SIRC) Superior University- Central Library BDS-Anatomy 07/31/2025 Imperial book company 615 LAI-G 2024 20148 07/31/2025 1 BOOK BOOK
    Superior Information Resource Center (SIRC) Superior University- Central Library Superior Information Resource Center (SIRC) Superior University- Central Library BDS-Anatomy 07/31/2025 Imperial book company 615 LAI-G 2024 20149 02/21/2026 2 BOOK BOOK
    Superior Information Resource Center (SIRC) Superior University- Central Library Superior Information Resource Center (SIRC) Superior University- Central Library BDS-Anatomy 07/31/2025 Imperial book company 615 LAI-G 2024 20150 07/31/2025 3 BOOK BOOK

Powered by Koha